Cytology (Record no. 27553)

MARC details
000 -LEADER
fixed length control field 00302nam a2200133Ia 4500
082 ## - DEWEY DECIMAL CLASSIFICATION NUMBER
Classification number 576.3
Item number VER
100 ## - MAIN ENTRY--AUTHOR NAME
Personal name AGARWAL, V K
245 #0 - TITLE STATEMENT
Title Cytology
260 ## - PUBLICATION, DISTRIBUTION, ETC. (IMPRINT)
Place of publication Ram Nagar
Name of publisher S Chand
Year of publication 1978
650 ## - SUBJECT ADDED ENTRY--TOPICAL TERM
Topical Term Cytology
700 ## - ADDED ENTRY--PERSONAL NAME
Personal name VERMA, P S
942 ## - ADDED ENTRY ELEMENTS (KOHA)
Koha item type Books
Holdings
Withdrawn status Lost status Damaged status Not for loan Home library Current library Date acquired Full call number Accession Number Koha item type
        RRII Library RRII Library 16/12/2021 576.3 VER 08171 Books